000 00428nam a2200145 4500
001 111166
003 ES-MaACL
005 20230906185244.0
007 t|
008 061121s1915 ag r ||||1| spa d
100 1 _aOlascoaga, Laurentino.
_986665
245 1 3 _aEl derecho internacional y la paz universal /
_cLaurentino Olascoaga.
260 _aBuenos Aires :
_b[s.n.],
_c1915 (
_fImp. Pauletta)
852 _aES-MaACL
_j1592-F-14
999 _c111166
_d111166